000 00297 a2200157 4500
001 164164
020 _a
040 _cMagnum
100 _a-
240 1 0 _aO que e o que e ?
_lpor
245 1 0 _aO que e o que e ?
362 0 _a1899
440 1 _aPaulinas
697 _aI/GERAL
942 _cBK
999 _c164164
_d164164